000 00437nam a2200193Ia 4500
008 210210b1998 xxu||||| |||| 00| 0 eng d
020 _a81 7446 196 5
082 _a658.05 DAVR
100 _aDAVIDSON (Alistair)
245 _aRiding the tiger
260 _aND
_bExcel Books
_c1998
300 _axxi,303
650 _atiger
650 _athe
650 _aRiding
690 _aManagement
700 _aOthers
906 _aSG03660
999 _c114712
_d114712